New headway english course Upper - intermediate Workbook

Сохранить в:
Библиографические подробности
Главный автор: Soars, Liz
Другие авторы: Devoy, Jo, Soars, John
Формат:
Язык:English
Опубликовано: New York Oxford University Press 1998
Предметы:
Метки: Добавить метку
Нет меток, Требуется 1-ая метка записи!
Thư viện lưu trữ: Trung tâm Học liệu Lê Vũ Hùng, Trường Đại học Đồng Tháp
LEADER 00752pam a22002538a 4500
001 00025492
005 20171026081022.0
008 110805s1998 ||||||engsd
041 0 # |a eng 
082 1 4 |a 428  |b N200W 
100 1 # |a Soars, Liz 
245 1 0 |a New headway english course  |b Upper - intermediate Workbook  |c Liz & John Soars whith Jo Devoy 
260 # # |a New York  |b Oxford University Press  |c 1998 
300 # # |a 104 p.  |b ill.  |c 29 cm. 
650 # 4 |a Bài tập 
650 # 4 |a Tiếng anh 
700 1 # |a Devoy, Jo 
700 1 # |a Soars, John 
852 # # |b Kho đọc  |j KD.0008459 
852 # # |j KD.0008459 
910 0 # |a Ntuye  |d 05/08/2011 
980 # # |a Trung tâm Học liệu Lê Vũ Hùng, Trường Đại học Đồng Tháp